000 00866nam a22002057a 4500
999 _c11764
_d11764
005 20251125232832.0
008 s2540 th tha d
020 _a9747176394
040 _aNALT
041 _atha
050 _aJQ1745.A6 ค123ข 2540
245 1 0 _aข้อเสนอกรอบความคิดในการปฏิรูปการเมืองไทย [3rd]
260 3 _aกรุงเทพฯ :
_bสำนักงานกองทุนสนับสนุนการวิจัย,
_c2540
300 _a132 หน้า :
_b แผนภูมิ ;
_c 21 ซม.
650 0 4 _aการปฏิรูปการเมือง
850 _aNALT
856 4 0 _uhttps://hdl.handle.net/20.500.14156/337799
_71
942 _cGB
_2lcc
_01
998 _j2118
_k วิภาวรรณ เส็งจีน